00481 a2200205 4500041000800000082001500008100002300023245002600046250001200072260004300084300002100127518001300148650001500161650001500176650002600191650001900217650001300236650001200249653001400261 aEng a330bSa49r aSamuelson, Paul A. aReadings in economics a7th ed. aNew DelhibTata Mcgraw Hill Pub.c1982 axv, 384p. illus. a20101209 aPopulation aCapitalism aBusiness organization aMocroeconomics aTaxation aPricing aEconomics